000
00291 a2200145 4500
001
45448
020
_a
040
_c
Anchieta - Aquarius
240
1
0
_a
*A abelhinha
_l
por
245
1
0
_a
*A abelhinha
300
_a
7
362
0
_a
2007
650
4
_a
Literatura infanto-juvenil
942
_c
BK
999
_c
45448
_d
45448